000 00618nam a2200193Ia 4500
003 IN-BaIIA
008 211028s9999 xx 000 0 eng d
020 _a81-208-1420-7
040 _cIIA Library
080 _a[8]:01:00
_bPAT
100 _aPatwardhan, K. S
_924846
245 0 _aLilavati of Bhaskaracarya
_ba treatise of mathematics of vedic tradition
_cK. S. Patwardhan and S. A. Naimpally; translated by S. L. Singh
260 _aDelhi
_bMotilal Banarsidass
_c2001
300 _axxv, 201p.
650 _aMathematics
_982
700 _aNaimpally, S. A
_924847
700 _aSingh, S. L., tr.
_924848
942 _cBK
999 _c14120
_d14120